[Event "BRA-ch Amateur U1800"]
[Site "Sao Paulo"]
[Date "2018.06.01"]
[Round "4"]
[White "Pereira Mota, Nataniel Julio"]
[Black "Abilhoa, Gustavo Auer"]
[Result "1-0"]
[WhiteElo "1765"]
[BlackElo "1672"]
[PlyCount "82"]
[EventDate "2018.05.31"]
[EventType "swiss"]
[EventRounds "7"]
[EventCountry "BRA"]
[SourceTitle "EXT 2021"]
[Source "ChessBase"]
[SourceDate "2020.10.23"]
[SourceVersion "1"]
[SourceVersionDate "2020.10.23"]
[SourceQuality "1"]

1. d4 Nf6 2. c4 g6 3. Nc3 Bg7 4. e4 d6 5. f3 0-0 6. Be3 Nbd7 7. Nh3 c5 8. d5 a6 9. Qd2 Ne8 10. Bh6 Nb6 11. Bxg7 Kxg7 12. Nf2 e5 13. g4 Qf6 14. Be2 Bd7 15. h4 Nc7 16. 0-0-0 Na4 17. Nxa4 Bxa4 18. Rdg1 Bd7 19. g5 Qe7 20. h5 Rh8 21. Rh2 b5 22. Rhg2 bxc4 23. Bxc4 Nb5 24. h6+ Kf8 25. Ng4 Bxg4 26. fxg4 Nd4 27. Rf1 Ke8 28. Rgf2 Rf8 29. Rf6 Qd7 30. Qa5 Ke7 31. Qb6 Rad8 32. Bxa6 Qxg4 33. Bb5 Nxb5 34. Qxb5 Qxg5+ 35. Kb1 Qg4 36. Qa4 Qc8 37. Qd1 Qb7 38. Qf3 Ke8 39. Re6+ fxe6 40. Qxf8+ Kd7 41. Rf7+ Kc8 1-0